The future of housing finance : a progress update on the GSEs : hearing before the Subcommittee on Capital Markets, Insurance, and Government Sponsored Enterprises of the Committee on Financial Services, U.S. House of Representatives, One Hundred Eleventh Congress, second session, September 15, 2010.

Bibliographic Details
Corporate Author: United States. Congress. House. Committee on Financial Services. Subcommittee on Capital Markets, Insurance, and Government Sponsored Enterprises
Format: Government Document eBook
Language:English
Published: Washington : U.S. G.P.O., 2011.
Subjects:
Online Access:https://purl.fdlp.gov/GPO/gpo5925

MARC

Tag First Indicator Second Indicator Subfields
LEADER 00000cam a2200000 a 4500
001 in00002671571
005 20211120161323.0
006 m d f
007 cr bn|||||||||
008 110407s2011 dcu o f000 0 eng c
035 |a (OCoLC)ocn711782651 
037 |a 552-070-42325-7  |b GPO  |f paper 
040 |a GPO  |c GPO  |d GPO  |d MvI  |d UtOrBLW 
042 |a pcc 
043 |a n-us--- 
049 |a WWW 
050 1 4 |a KF27  |b .B515 2010i 
074 |a 1013-E (online) 
086 0 |a Y 4.F 49/20:111-153 
088 |a Serial no. 111-153 (United States. Congress. House. Committee on Financial Services) 
110 1 |a United States.  |b Congress.  |b House.  |b Committee on Financial Services.  |b Subcommittee on Capital Markets, Insurance, and Government Sponsored Enterprises. 
245 1 4 |a The future of housing finance :  |b a progress update on the GSEs : hearing before the Subcommittee on Capital Markets, Insurance, and Government Sponsored Enterprises of the Committee on Financial Services, U.S. House of Representatives, One Hundred Eleventh Congress, second session, September 15, 2010. 
264 1 |a Washington :  |b U.S. G.P.O.,  |c 2011. 
300 |a 1 online resource (v, 81 pages) 
336 |a text  |b txt  |2 rdacontent 
337 |a computer  |b c  |2 rdamedia 
338 |a online resource  |b cr  |2 rdacarrier 
588 |a Title from title screen (viewed on Apr. 7, 2011). 
500 |a Paper version available for sale by the Supt. of Docs., U.S. G.P.O. 
500 |a "Serial number 111-153." 
500 |a Electronic resource. 
610 2 0 |a Federal National Mortgage Association. 
610 2 0 |a Freddie Mac (Firm) 
650 0 |a Mortgage loans  |x Finance  |x Government policy  |z United States. 
650 0 |a Government-sponsored enterprises  |z United States. 
776 0 8 |i Print version:  |a United States. Congress. House. Committee on Financial Services. Subcommittee on Capital Markets, Insurance, and Government Sponsored Enterprises.  |t Future of housing finance  |w (OCoLC)701703254 
776 0 8 |i Microfiche:  |a United States. Congress. House. Committee on Financial Services. Subcommittee on Capital Markets, Insurance, and Government Sponsored Enterprises.  |t Future of housing finance  |w (OCoLC)722418837 
856 4 0 |u https://purl.fdlp.gov/GPO/gpo5925  |t 0 
999 |a MARS 
999 f f |s 65352942-d6c0-389e-a40b-b7a5f831fa8e  |i 448fb720-f408-3950-8173-28b0b8a9df4a  |t 0 
952 f f |a Texas A&M University  |b College Station  |c Electronic Resources  |d Available Online  |t 0  |e Y 4.F 49/20:111-153  |h Superintendent of Documents classification 
998 f f |a Y 4.F 49/20:111-153  |t 0  |l Available Online